[Event "3rd Memory of Nebesna Sotnya-2016 R"]
[Site "Lutsk"]
[Date "2016.02.21"]
[Round "10.2"]
[White "Bortnyk, Mykola"]
[Black "Oleksiyenko, Mykhaylo"]
[Result "1-0"]
[WhiteElo "2535"]
[BlackElo "2536"]
[PlyCount "99"]
[EventDate "2016.02.20"]
[EventType "swiss (rapid)"]
[EventRounds "11"]
[EventCountry "UKR"]

1. e4 c5 2. c3 d5 3. exd5 Qxd5 4. d4 Nf6 5. Be3 cxd4 6. cxd4 g6 7. Nc3 Qd8 8.
Nf3 Bg7 9. Bc4 O-O 10. O-O a6 11. Ne5 Nbd7 12. h3 Qc7 13. Nxd7 Bxd7 14. Bb3
Rac8 15. Re1 e6 16. Qd2 Bc6 17. Rad1 Qd7 18. Bh6 Nd5 19. Ne4 b6 20. Bxg7 Kxg7
21. Qg5 f6 22. Qg3 Rcd8 23. Rd2 Ba4 24. Bxd5 exd5 25. Nc3 Rfe8 26. Rxe8 Rxe8
27. Nxa4 Qxa4 28. Qc7+ Kh6 29. Qxb6 Qc4 30. Rd1 f5 31. a3 Qe2 32. Rf1 Qc4 33.
Qf6 Re4 34. Qf8+ Kh5 35. Qf7 Kh6 36. Qf8+ Kh5 37. Qg7 h6 38. Qf6 a5 39. Qd8
Qxd4 40. Qxa5 Re2 41. b4 Qe5 42. Qc5 Re1 43. b5 Qe2 44. Rxe1 Qxe1+ 45. Kh2 Qe5+
46. g3 f4 47. Qc2 fxg3+ 48. fxg3 d4 49. Qd1+ Kg5 50. Qf3 1-0

[Event "3rd Memory of Nebesna Sotnya-2016 R"]
[Site "Lutsk"]
[Date "2016.02.21"]
[Round "10.3"]
[White "Grekh, Andrey"]
[Black "Onischuk, Vladimir"]
[Result "0-1"]
[WhiteElo "2399"]
[BlackElo "2739"]
[PlyCount "72"]
[EventDate "2016.02.20"]
[EventType "swiss (rapid)"]
[EventRounds "11"]
[EventCountry "UKR"]

1. e4 d6 2. d4 g6 3. g3 Bg7 4. Bg2 Nc6 5. Ne2 e5 6. Be3 Nf6 7. h3 O-O 8. O-O
Bd7 9. d5 Ne7 10. c4 Ne8 11. Nbc3 f5 12. f3 Nf6 13. g4 f4 14. Bf2 g5 15. b4 Ng6
16. c5 h5 17. Qd3 Rf7 18. b5 dxc5 19. Bxc5 Bf8 20. d6 Be6 21. Rfd1 Rd7 22. Nd5
Bxd6 23. Bf2 Bxd5 24. exd5 e4 25. fxe4 Ne5 26. Qb3 hxg4 27. hxg4 Nfxg4 28. Nd4
Nxf2 29. Ne6 Nxd1 30. Nxd8 Bc5+ 31. Kf1 Ne3+ 32. Ke2 Raxd8 33. d6+ N3c4 34. Rd1
Rxd6 35. Rd5 Rxd5 36. exd5 g4 0-1

[Event "3rd Memory of Nebesna Sotnya-2016 R"]
[Site "Lutsk"]
[Date "2016.02.21"]
[Round "10.4"]
[White "Bernadskiy, Vitaliy"]
[Black "Rakhmangulov, Andrei"]
[Result "1/2-1/2"]
[WhiteElo "2552"]
[BlackElo "2360"]
[PlyCount "87"]
[EventDate "2016.02.20"]
[EventType "swiss (rapid)"]
[EventRounds "11"]
[EventCountry "UKR"]

1. b3 e5 2. Bb2 Nc6 3. e3 a6 4. c4 Nf6 5. a3 d5 6. cxd5 Nxd5 7. d3 Bd6 8. g3
Be6 9. Bg2 Qd7 10. Nd2 h5 11. Ngf3 Bh3 12. Bxh3 Qxh3 13. Rc1 Nde7 14. Nc4 f6
15. d4 Rd8 16. Qe2 exd4 17. Nxd6+ Rxd6 18. Bxd4 h4 19. Bc5 Rd7 20. gxh4 Nf5 21.
Rc4 Nxh4 22. Re4+ Kd8 23. Nxh4 Rxh4 24. Rxh4 Qxh4 25. Qc4 Qxc4 26. bxc4 Ne5 27.
Ke2 Nxc4 28. h4 b6 29. Bd4 Nxa3 30. h5 c5 31. h6 gxh6 32. Bxf6+ Kc7 33. Rxh6
Nb5 34. f4 a5 35. Be5+ Kb7 36. f5 Na7 37. f6 Nc6 38. Ba1 b5 39. Rg6 Nd8 40. Rg7
Kc6 41. Re7 Nf7 42. Re6+ Rd6 43. Re7 Rd7 44. Re6+ 1/2-1/2

[Event "3rd Memory of Nebesna Sotnya-2016 R"]
[Site "Lutsk"]
[Date "2016.02.21"]
[Round "10.5"]
[White "Bogatyrev, Sergey"]
[Black "Firman, Nazar"]
[Result "0-1"]
[WhiteElo "2300"]
[BlackElo "2491"]
[PlyCount "118"]
[EventDate "2016.02.20"]
[EventType "swiss (rapid)"]
[EventRounds "11"]
[EventCountry "UKR"]

1. c4 g6 2. Nf3 Bg7 3. g3 e5 4. Nc3 Nc6 5. Bg2 Nge7 6. O-O O-O 7. d3 d6 8. Rb1
a5 9. a3 Nd4 10. b4 axb4 11. axb4 c6 12. b5 Nxf3+ 13. Bxf3 Bh3 14. bxc6 bxc6
15. Re1 Qc7 16. Be3 Ra6 17. Qd2 Nf5 18. Rb3 h6 19. Reb1 Nd4 20. Bxd4 exd4 21.
Nd1 Bc8 22. Qb2 Ra5 23. Rb6 Rc5 24. Qa3 h5 25. Qa8 Bg4 26. Qb7 Rc8 27. Qxc7
Rxc7 28. Bxg4 hxg4 29. Rb7 Rxb7 30. Rxb7 d5 31. Rb4 Ra5 32. Nb2 Ra1+ 33. Kg2
Bf8 34. Rb8 Kg7 35. cxd5 cxd5 36. f3 Rb1 37. Rb3 gxf3+ 38. Kxf3 Be7 39. Rb6 Bg5
40. Nc4 dxc4 41. Rxb1 c3 42. Ke4 c2 43. Ra1 Be3 44. Rf1 f5+ 45. Ke5 Kh6 46. h3
Kg5 47. Rh1 c1=Q 48. Rxc1 Bxc1 49. Kxd4 f4 50. gxf4+ Kxf4 51. e4 g5 52. Kd5 Kg3
53. e5 Kxh3 54. e6 Ba3 55. Kc6 g4 56. d4 g3 57. d5 g2 58. d6 g1=Q 59. e7 Qd1
0-1

[Event "3rd Memory of Nebesna Sotnya-2016 R"]
[Site "Lutsk"]
[Date "2016.02.21"]
[Round "10.6"]
[White "Vetoshko, Volodymyr"]
[Black "Mischuk, Dmitry"]
[Result "0-1"]
[WhiteElo "2274"]
[BlackElo "2429"]
[PlyCount "68"]
[EventDate "2016.02.20"]
[EventType "swiss (rapid)"]
[EventRounds "11"]
[EventCountry "UKR"]

1. Nf3 d5 2. b3 Bg4 3. Ne5 Bf5 4. g4 Bc8 5. e3 f6 6. Nd3 e5 7. Bg2 c6 8. Nc3
Be6 9. h3 Bd6 10. e4 Ne7 11. Bb2 Nd7 12. a4 Nc5 13. Nxc5 Bxc5 14. d3 Ng6 15. h4
Nf4 16. Bf3 Bd4 17. Rb1 Qb6 18. Rh2 O-O-O 19. Ne2 Bxb2 20. Rxb2 Nxe2 21. Qxe2
dxe4 22. Bxe4 g6 23. Rb1 f5 24. Bf3 fxg4 25. Be4 Rdf8 26. Kd2 Qb4+ 27. c3 Qa3
28. Qd1 Rf4 29. Qc1 Qc5 30. Qg1 Rhf8 31. Rf1 Qa3 32. Rc1 Bxb3 33. h5 Rxe4 34.
dxe4 Qb2+ 0-1

[Event "3rd Memory of Nebesna Sotnya-2016 R"]
[Site "Lutsk"]
[Date "2016.02.21"]
[Round "10.7"]
[White "Mirzoev, Emil"]
[Black "Bordovsky, Vladimir"]
[Result "1-0"]
[WhiteElo "2412"]
[BlackElo "2299"]
[PlyCount "71"]
[EventDate "2016.02.20"]
[EventType "swiss (rapid)"]
[EventRounds "11"]
[EventCountry "UKR"]

1. d4 Nc6 2. Nf3 d5 3. c4 Bg4 4. Nc3 e6 5. Bg5 Be7 6. Bxe7 Ngxe7 7. e3 O-O 8.
cxd5 Nxd5 9. Be2 Qd6 10. O-O Nxc3 11. bxc3 Rad8 12. h3 Bf5 13. Bd3 Bg6 14. Bxg6
hxg6 15. Qa4 b6 16. Qb5 Rfe8 17. Rfd1 Qd5 18. c4 Qxb5 19. cxb5 Na5 20. Rac1 Re7
21. Rc3 f6 22. Rdc1 Rdd7 23. Kf1 Kf7 24. Ne1 Ke8 25. Nd3 Kd8 26. Nb4 e5 27. d5
e4 28. f3 g5 29. Kf2 f5 30. f4 gxf4 31. exf4 Kc8 32. Ke3 Rf7 33. a4 Nb7 34. Kd4
Nc5 35. Ra1 Kb7 36. a5 1-0

[Event "3rd Memory of Nebesna Sotnya-2016 R"]
[Site "Lutsk"]
[Date "2016.02.21"]
[Round "10.8"]
[White "Kuzubov, Yuriy"]
[Black "Mikhaletz, Lubomir"]
[Result "1-0"]
[WhiteElo "2574"]
[BlackElo "2356"]
[PlyCount "121"]
[EventDate "2016.02.20"]
[EventType "swiss (rapid)"]
[EventRounds "11"]
[EventCountry "UKR"]

1. e4 Nc6 2. Nf3 d6 3. d4 Nf6 4. c3 e5 5. Bb5 Bd7 6. O-O Be7 7. Re1 O-O 8. d5
Nb8 9. Bd3 c6 10. c4 Na6 11. Nc3 Nc5 12. Bf1 Bg4 13. b4 Ncd7 14. h3 Bh5 15.
dxc6 bxc6 16. Rb1 Qc7 17. Be3 Bg6 18. Bd3 Rfe8 19. Qd2 Bf8 20. Nh4 Be7 21. Nxg6
hxg6 22. Rec1 Nf8 23. b5 Ne6 24. bxc6 Qxc6 25. c5 Red8 26. Bb5 Qc8 27. c6 Nc7
28. Bc4 Nxe4 29. Nxe4 d5 30. Qc3 dxc4 31. Qxe5 Nd5 32. Rxc4 Qf5 33. Qxf5 gxf5
34. Nc3 Nxe3 35. fxe3 Bg5 36. c7 Bxe3+ 37. Kf1 Re8 38. Nb5 Bb6 39. Nd6 Rec8 40.
Nxc8 Rxc8 41. Rbc1 Kf8 42. Ke2 Ke7 43. Kf3 g6 44. h4 Kd7 45. h5 gxh5 46. Kf4
Rxc7 47. Rxc7+ Bxc7+ 48. Kxf5 Bd8 49. Rd1+ Ke8 50. Rd6 h4 51. Rh6 Be7 52. a4
Kf8 53. a5 Kg7 54. Rc6 Bb4 55. a6 Be1 56. Ke4 Bf2 57. Kd5 Bg1 58. Rd6 f6 59.
Ke6 Kg6 60. Rd8 Kg7 61. Kf5 1-0

[Event "3rd Memory of Nebesna Sotnya-2016 R"]
[Site "Lutsk"]
[Date "2016.02.21"]
[Round "11.1"]
[White "Bortnyk, Mykola"]
[Black "Bogdanovich, Stanislav"]
[Result "0-1"]
[WhiteElo "2535"]
[BlackElo "2665"]
[PlyCount "104"]
[EventDate "2016.02.20"]
[EventType "swiss (rapid)"]
[EventRounds "11"]
[EventCountry "UKR"]

1. e4 e5 2. Nf3 Nc6 3. Bb5 a6 4. Ba4 Nf6 5. Qe2 Bc5 6. O-O O-O 7. d3 d6 8. Be3
b5 9. Bb3 Bg4 10. h3 Bh5 11. c3 Rb8 12. Nbd2 Nd7 13. g4 Bg6 14. Bg5 Qe8 15. Nh4
Nd8 16. Nxg6 hxg6 17. Kh2 Ne6 18. Bxe6 Qxe6 19. f4 exf4 20. Bxf4 Rbe8 21. a4
Bb6 22. axb5 axb5 23. d4 c6 24. Qg2 d5 25. Rae1 f6 26. exd5 Qxd5 27. Qxd5+ cxd5
28. Bd6 Rxe1 29. Rxe1 Rc8 30. Re7 Nf8 31. Nf1 Rc6 32. Bb4 Bc7+ 33. Kg2 Ne6 34.
Ne3 Nf4+ 35. Kf3 Nxh3 36. Nxd5 Bd6 37. Rb7 Ng5+ 38. Kf2 Ne4+ 39. Ke3 f5 40.
Rxb5 Kf7 41. Rb7+ Ke6 42. Nb6 Nf6 43. g5 Rxb6 44. Rxg7 Nd5+ 45. Kd3 Nxb4+ 46.
cxb4 Kd5 47. Rxg6 Rxb4 48. Rf6 Rxd4+ 49. Ke3 f4+ 50. Ke2 Be5 51. Rf7 Ke4 52. g6
Rd6 0-1

[Event "3rd Memory of Nebesna Sotnya-2016 R"]
[Site "Lutsk"]
[Date "2016.02.21"]
[Round "11.2"]
[White "Onischuk, Vladimir"]
[Black "Mischuk, Dmitry"]
[Result "1-0"]
[WhiteElo "2739"]
[BlackElo "2429"]
[PlyCount "59"]
[EventDate "2016.02.20"]
[EventType "swiss (rapid)"]
[EventRounds "11"]
[EventCountry "UKR"]

1. e4 e6 2. d4 d5 3. Bd3 dxe4 4. Bxe4 Nc6 5. Ne2 Nf6 6. Bf3 Bd6 7. Nbc3 Bd7 8.
Bg5 h6 9. Bh4 g5 10. Bg3 g4 11. Be4 Bxg3 12. hxg3 Qe7 13. Qd2 O-O-O 14. O-O-O
h5 15. Qe3 Kb8 16. Nf4 Be8 17. Bxc6 Bxc6 18. d5 Be8 19. Qe5 Rg8 20. Rhe1 Nd7
21. Qxh5 e5 22. Qh7 Qf8 23. Qh4 Rc8 24. Nd3 f6 25. Rh1 Bg6 26. Qxg4 Nb6 27. Qb4
Qf7 28. Nc5 Rgd8 29. a4 a5 30. Qxa5 1-0

[Event "3rd Memory of Nebesna Sotnya-2016 R"]
[Site "Lutsk"]
[Date "2016.02.21"]
[Round "11.3"]
[White "Firman, Nazar"]
[Black "Mirzoev, Emil"]
[Result "1/2-1/2"]
[WhiteElo "2491"]
[BlackElo "2412"]
[PlyCount "54"]
[EventDate "2016.02.20"]
[EventType "swiss (rapid)"]
[EventRounds "11"]
[EventCountry "UKR"]

1. e4 c5 2. Nf3 e6 3. d4 cxd4 4. Nxd4 Nc6 5. Nc3 Qc7 6. Be3 a6 7. g3 d6 8. Bg2
Nf6 9. O-O Be7 10. Qe2 Bd7 11. Rad1 O-O 12. h3 b5 13. a3 Rac8 14. g4 Nxd4 15.
Rxd4 Bc6 16. Rfd1 Qb7 17. Bg5 a5 18. Qd2 e5 19. Rd3 b4 20. axb4 axb4 21. Nd5
Bxd5 22. exd5 Rc4 23. Qe2 Rfc8 24. R3d2 h6 25. Be3 Nd7 26. Ra1 Qc7 27. Bf1 Qd8
1/2-1/2

[Event "3rd Memory of Nebesna Sotnya-2016 R"]
[Site "Lutsk"]
[Date "2016.02.21"]
[Round "11.4"]
[White "Budnikov, Oleg"]
[Black "Kuzubov, Yuriy"]
[Result "0-1"]
[WhiteElo "2459"]
[BlackElo "2574"]
[PlyCount "126"]
[EventDate "2016.02.20"]
[EventType "swiss (rapid)"]
[EventRounds "11"]
[EventCountry "UKR"]

1. Nf3 f5 2. c4 Nf6 3. g3 g6 4. Bg2 Bg7 5. O-O O-O 6. Nc3 d6 7. d3 Nc6 8. Rb1
Nh5 9. e3 e5 10. Nd5 Ne7 11. Ne1 Nxd5 12. Bxd5+ Kh8 13. Bf3 Nf6 14. Bg2 g5 15.
f4 gxf4 16. exf4 c6 17. Nc2 Bd7 18. b4 Qe7 19. Re1 Rae8 20. Bb2 Ng4 21. Ne3
exf4 22. Nc2 Qd8 23. Bxg7+ Kxg7 24. gxf4 Qh4 25. h3 Qf2+ 26. Kh1 Rxe1+ 27. Nxe1
Ne3 28. Qf3 Qxa2 29. Rc1 Re8 30. Qg3+ Kh8 31. Nf3 Rg8 32. Ng5 Qxg2+ 33. Qxg2
Nxg2 34. Rg1 Rxg5 35. fxg5 Nf4 36. Re1 Ne6 37. d4 d5 38. cxd5 cxd5 39. Re5 Nxg5
40. Re7 Bc6 41. h4 Nf3 42. h5 h6 43. Kg2 Nxd4 44. Kg3 Kg8 45. Kf4 Kf8 46. Rh7
Ne6+ 47. Kxf5 Ng7+ 48. Ke5 Nxh5 49. Rxh6 Ng7 50. Kf6 Ne8+ 51. Ke6 Nc7+ 52. Kf6
Ke8 53. Rh7 Kd8 54. Ke5 Nb5 55. Rg7 a6 56. Rh7 Kc8 57. Rg7 Kb8 58. Rh7 Ka7 59.
Rg7 Kb6 60. Rh7 Nc3 61. Kd4 Na2 62. b5 Kxb5 63. Rh2 Nb4 0-1

[Event "3rd Memory of Nebesna Sotnya-2016 R"]
[Site "Lutsk"]
[Date "2016.02.21"]
[Round "11.5"]
[White "Borisenko, Viacheslav"]
[Black "Bernadskiy, Vitaliy"]
[Result "0-1"]
[WhiteElo "2409"]
[BlackElo "2552"]
[PlyCount "122"]
[EventDate "2016.02.20"]
[EventType "swiss (rapid)"]
[EventRounds "11"]
[EventCountry "UKR"]

1. e4 c5 2. Nf3 Nc6 3. c3 Nf6 4. e5 Nd5 5. d4 cxd4 6. cxd4 d6 7. Bc4 dxe5 8.
dxe5 Ndb4 9. Qb3 e6 10. O-O Na5 11. Qc3 Nxc4 12. Qxc4 Qd3 13. Qxd3 Nxd3 14. Rd1
Nxc1 15. Rxc1 Bd7 16. Nc3 Rc8 17. Ne4 Rxc1+ 18. Rxc1 Bc6 19. Nc3 Bc5 20. Nb5
Bb6 21. Nfd4 Bd7 22. a4 a6 23. a5 Bxa5 24. Nd6+ Kf8 25. Nxb7 Bb6 26. Nc6 g5 27.
Nb8 Bb5 28. Nd6 Kg7 29. Nxb5 Rxb8 30. Na3 Bd4 31. Nc4 Bxb2 32. Nxb2 Rxb2 33.
Ra1 Rb5 34. h4 a5 35. hxg5 Kg6 36. f4 Kf5 37. g3 Rb3 38. Rxa5 Rxg3+ 39. Kh2 Rg4
40. Ra7 Kxf4 41. Rxf7+ Kxe5 42. Rg7 Kf5 43. Kh3 Rxg5 44. Rxh7 e5 45. Rf7+ Ke4
46. Rf1 Ke3 47. Re1+ Kf3 48. Kh4 Rg4+ 49. Kh5 Re4 50. Rf1+ Kg3 51. Kg5 Rg4+ 52.
Kh5 Rd4 53. Kg5 e4 54. Rg1+ Kf2 55. Rg4 Rd5+ 56. Kf4 e3 57. Ke4 Rd8 58. Rh4 e2
59. Rh2+ Kf1 60. Rh1+ Kg2 61. Ra1 Re8+ 0-1

[Event "3rd Memory of Nebesna Sotnya-2016 R"]
[Site "Lutsk"]
[Date "2016.02.21"]
[Round "11.6"]
[White "Polivanov, Anatoliy"]
[Black "Oleksiyenko, Mykhaylo"]
[Result "0-1"]
[WhiteElo "2488"]
[BlackElo "2536"]
[PlyCount "66"]
[EventDate "2016.02.20"]
[EventType "swiss (rapid)"]
[EventRounds "11"]
[EventCountry "UKR"]

1. e4 c5 2. Nf3 e6 3. Nc3 a6 4. d4 cxd4 5. Nxd4 b5 6. Bd3 Qb6 7. Nf3 Qc7 8. O-O
Bb7 9. Re1 Be7 10. e5 f5 11. Bf4 Nh6 12. Qd2 O-O 13. Ng5 Nc6 14. a4 b4 15. Ne2
Ng4 16. Nf3 Bc5 17. Bg3 Ncxe5 18. Nxe5 Nxe5 19. Nf4 Nxd3 20. cxd3 Qc6 21. Rac1
Qb6 22. a5 Qxa5 23. Nh5 Be7 24. Bc7 Qd5 25. Nf4 Bg5 26. Nxd5 Bxd2 27. Nb6 Rac8
28. Red1 Bxc1 29. Rxc1 d6 30. Nxc8 Rxc8 31. f3 Kf7 32. Kf2 Ke8 33. Rc4 Bd5 0-1

[Event "3rd Memory of Nebesna Sotnya-2016 R"]
[Site "Lutsk"]
[Date "2016.02.21"]
[Round "11.7"]
[White "Zubarev, Alexander"]
[Black "Omelja, Artem"]
[Result "1-0"]
[WhiteElo "2523"]
[BlackElo "2355"]
[PlyCount "113"]
[EventDate "2016.02.20"]
[EventType "swiss (rapid)"]
[EventRounds "11"]
[EventCountry "UKR"]

1. d4 e6 2. Nf3 d5 3. c4 Nf6 4. Nc3 Be7 5. Bf4 O-O 6. Qc2 Nbd7 7. e3 c5 8. dxc5
Nxc5 9. Rd1 Qa5 10. Be2 dxc4 11. Bxc4 Nce4 12. O-O Nxc3 13. bxc3 Bd7 14. Ne5
Ba4 15. Bb3 Bxb3 16. Qxb3 Qa6 17. Rd4 Rfc8 18. c4 b6 19. Rfd1 Qb7 20. h3 a6 21.
a4 Bc5 22. R4d3 h6 23. Qb2 Be7 24. Nd7 Rxc4 25. Qxb6 Qc6 26. Qb3 Rc1 27. Ne5
Rxd1+ 28. Rxd1 Qc8 29. Nc4 Nd5 30. Bg3 Qc6 31. Ne5 Qc8 32. Rxd5 exd5 33. Qxd5
Qe8 34. Nxf7 Kh7 35. Ne5 Bf6 36. Ng4 Bc3 37. Qf5+ Qg6 38. Qd5 Rc8 39. Kh2 a5
40. Ne5 Bxe5 41. Bxe5 Qf5 42. f4 Rc2 43. Qb7 Qg6 44. f5 Qg5 45. Bd4 Ra2 46. Qe4
Kh8 47. h4 Qd8 48. Qf4 Kg8 49. Qg4 Qd7 50. Qg6 Qf7 51. Qg4 Qd7 52. Qf4 Rxa4 53.
f6 Qf7 54. Qb8+ Kh7 55. fxg7 Rxd4 56. Qh8+ Kg6 57. g8=Q+ 1-0

[Event "3rd Memory of Nebesna Sotnya-2016 R"]
[Site "Lutsk"]
[Date "2016.02.21"]
[Round "11.8"]
[White "Rakhmangulov, Andrei"]
[Black "Razin, Vadim"]
[Result "1-0"]
[WhiteElo "2360"]
[BlackElo "2562"]
[PlyCount "57"]
[EventDate "2016.02.20"]
[EventType "swiss (rapid)"]
[EventRounds "11"]
[EventCountry "UKR"]

1. d4 d5 2. c4 Nc6 3. cxd5 Qxd5 4. e3 Nf6 5. Nc3 Qd8 6. Nf3 e6 7. Bb5 Bd7 8.
O-O Be7 9. e4 O-O 10. h3 Re8 11. a3 a6 12. Bd3 h6 13. Bc2 Bf8 14. Bf4 b5 15.
Qd3 g6 16. Rac1 Bg7 17. Bb3 g5 18. Bh2 Ne7 19. Ne5 Bc8 20. Rfd1 Bb7 21. Qe2 Ng6
22. Nxg6 fxg6 23. Qc2 Qe7 24. e5 Nh5 25. Qxg6 Qf7 26. Qxf7+ Kxf7 27. d5 Bc8 28.
Ne4 Ra7 29. d6 1-0